| 000 | 00497nam a2200169 i 4500 | ||
|---|---|---|---|
| 001 | 60024 | ||
| 003 | ES-MaACL | ||
| 005 | 20230906164137.0 | ||
| 007 | t| | ||
| 008 | 031103s1965 sp |||| | spa d | ||
| 100 | 1 |
_aEspadaler, J. M. _947743 |
|
| 245 | 1 | 4 |
_aLos exámenes complementarios en neurología / _cpor J.M. Espadaler Medina. |
| 260 |
_aBarcelona : _bDaimón, _c1965. |
||
| 300 |
_a160 p. : _bil. ; _c15 cm. |
||
| 650 | 4 |
_aLíquido cefalorraquídeo. _9147148 |
|
| 852 |
_aES-MaACL _jC-28557 |
||
| 999 |
_c60024 _d60024 |
||